| 000 | 01303cam a22003737a 4500 | ||
|---|---|---|---|
| 999 |
_c5793 _d5793 |
||
| 001 | 15753161 | ||
| 003 | OSt | ||
| 005 | 20191106100620.0 | ||
| 008 | 090528s2008 enka b 001 0 eng | ||
| 010 | _a 2009417886 | ||
| 015 |
_aGBA825713 _2bnb |
||
| 016 | 7 |
_a101485026 _2DNLM |
|
| 016 | 7 |
_a014537541 _2Uk |
|
| 020 | _a9781844451593 (pbk.) | ||
| 020 | _a1844451593 (pbk.) | ||
| 035 | _a(OCoLC)ocn213113446 | ||
| 040 |
_aNLM _cNLM _dUKM _dBAKER _dYDXCP _dBWKUK _dCDX _dDLC |
||
| 042 |
_anlmcopyc _alccopycat |
||
| 050 | 0 | 0 |
_aRT11 _b.W55 2008 |
| 060 | 0 | 0 | _a2008 K-730 |
| 060 | 1 | 0 |
_aWY 300 FA1 _bW717n 2008 |
| 082 | _aWY100 W67n 2008 | ||
| 100 | 1 |
_aWilliamson, Graham R.;Jenkinson, Tim; Proctor-Childs, Tracey. _912034 |
|
| 245 | 1 | 0 | _aNursing in Contemporary Healthcare Practice |
| 260 |
_aExeter [England] : _bLearning Matters, _c2008. |
||
| 300 |
_aviii, 199 p. : _bill. ; _c25 cm. |
||
| 440 | 0 |
_aTransforming nursing practice _911977 |
|
| 504 | _aIncludes bibliographical references and index. | ||
| 650 | 0 |
_aNursing _912036 |
|
| 650 | 2 | 2 |
_aHealth care _99966 |
| 906 |
_a7 _bcbc _ccopycat _d2 _encip _f20 _gy-gencatlg |
||
| 942 |
_2z _cO_SHELF |
||